| 000 | 00533cam a22002171 4500 | ||
|---|---|---|---|
| 001 | 8814147 | ||
| 005 | 20180222065459.0 | ||
| 008 | 750910s1946 xx 000 0 eng | ||
| 010 | _amed47000306 | ||
| 035 | _a(OCoLC)1615003 | ||
| 040 |
_aDLC _cFMU _dOClW-H _dOCoLC _dDLC |
||
| 041 | _aeng | ||
| 042 | _apremarc | ||
| 080 | _a658 mal | ||
| 082 | _2658 mal | ||
| 100 | 1 | _a54 | |
| 101 | _aman | ||
| 245 | 0 | 0 | _aHospital organization and management ... |
| 906 |
_a7 _bcbc _coclcrpl _du _encip _f19 _gy-gencatlg |
||
| 942 |
_2ddc _cBK |
||
| 999 |
_c43175 _d43175 |
||